Námorná logistika sa stane oblasťou špičkových technológií

Tempo rastu európskej námornej dopravy podľa druhu tovaru. Logistika a high-tech. Prehľad najväčších európskych prístavov. Štruktúra prepravy tovarov v EÚ-25.

Enregistré dans:
Détails bibliographiques
Format: Chapitre de livre
Langue:slovaque
Sujets:
Tags: Ajouter un tag
Pas de tags, Soyez le premier à ajouter un tag!

MARC

LEADER 00000naa$a2200000$$$4500
001 0051920
005 20231108134029.7
041 0 |a slo 
044 |a SK 
245 1 0 |a Námorná logistika sa stane oblasťou špičkových technológií 
520 |a Tempo rastu európskej námornej dopravy podľa druhu tovaru. Logistika a high-tech. Prehľad najväčších európskych prístavov. Štruktúra prepravy tovarov v EÚ-25. 
610 2 0 |a doprava námorná 
610 2 0 |a logistika distribučná 
610 2 0 |a preprava 
610 2 0 |a tovar 
610 2 0 |a technológie komunikačné 
610 2 0 |a technológie informačné 
610 2 0 |a Európa 
610 2 0 |a prístavy 
610 2 0 |a doprava lodná